Vývoj malého a stredného podnikania v stavebnej výrobe v SR

Podmienkou rozvoja malého a stredného podnikania je vhodné podnikateľské prostredie. Podpora malého a stredného podnikania. Právne formy podnikania. Postavenie stavebníctva v nových ekonomických podmienkach. Štruktúra malých a stredných stavebných podnikov podľa vlastníctva. Zamestnanosť v stavebnej...

Descripción completa

Guardado en:
Detalles Bibliográficos
Autor principal: Chodasová, Alena
Otros Autores: Chodasová, Zuzana
Formato: Capítulo de libro
Lenguaje:eslovaco
Materias:
Etiquetas: Agregar Etiqueta
Sin Etiquetas, Sea el primero en etiquetar este registro!

MARC

LEADER 00000naa a2200000 4500
001 r033685
005 20230918075345.0
041 0 |a slo 
044 |a SK 
245 1 0 |a Vývoj malého a stredného podnikania v stavebnej výrobe v SR  |c Alena Chodasová, Zuzana Chodasová 
520 |a Podmienkou rozvoja malého a stredného podnikania je vhodné podnikateľské prostredie. Podpora malého a stredného podnikania. Právne formy podnikania. Postavenie stavebníctva v nových ekonomických podmienkach. Štruktúra malých a stredných stavebných podnikov podľa vlastníctva. Zamestnanosť v stavebnej výrobe. 
610 2 0 |a podnikanie malé 
610 2 0 |a podnikanie stredné 
610 2 0 |a prostredie podnikateľské 
610 2 0 |a výroba stavebná 
610 2 0 |a stavebníctvo 
610 2 0 |a Slovensko 
610 2 0 |a predpisy právne 
610 2 0 |a podnik stavebný 
610 2 0 |a zamestnanosť 
100 1 |a Chodasová, Alena 
700 1 |a Chodasová, Zuzana